Most Populous Countries with Two Vowels - Statistics

General Stats
  • This quiz has been taken 133 times
  • The average score is 14 of 20
Answer Stats
Population Country % Correct
1,373 mil China
98%
205 mil Brazil
89%
67 mil France
89%
126 mil Japan
87%
46 mil Spain
87%
77 mil Turkey
81%
78 mil Iran
80%
31 mil Peru
80%
19 mil Niger
78%
36 mil Iraq
77%
60 mil Italy
77%
38 mil Poland
71%
81 mil Germany
65%
46 mil Kenya
64%
38 mil Sudan
57%
25 mil Yemen
57%
27 mil Ghana
56%
28 mil Nepal
55%
60 mil Burma
53%
23 mil Syria
42%
No matching quizzes found
Score Distribution
Percent of People with Each Score
Percentile by Number Answered
Your Score History
You have not taken this quiz